Compte rendu de la 3me session, Berlin, 1885. (Record no. 24162)

MARC details
000 -LEADER
fixed length control field 00849nam a22002051 4500
001 - CONTROL NUMBER
control field gs 05000198
003 - CONTROL NUMBER IDENTIFIER
control field DLC
005 - DATE AND TIME OF LATEST TRANSACTION
control field 20260227111300.0
008 - FIXED-LENGTH DATA ELEMENTS--GENERAL INFORMATION
fixed length control field 900308s1888 gw ab 100 0 fre c
010 ## - LIBRARY OF CONGRESS CONTROL NUMBER
LC control number gs 05000198
040 ## - CATALOGING SOURCE
Original cataloging agency U.S. Geol. Survey Libr./ICU
Transcribing agency ICU
050 00 - LIBRARY OF CONGRESS CALL NUMBER
Classification number QE1
Item number .I6 1885
111 2# - MAIN ENTRY--MEETING NAME
Meeting name or jurisdiction name as entry element International Geological Congress
Number of part/section/meeting (3rd :
Date of meeting or treaty signing 1885 :
Location of meeting Berlin, Germany)
245 10 - TITLE STATEMENT
Title Compte rendu de la 3me session, Berlin, 1885.
260 ## - PUBLICATION, DISTRIBUTION, ETC.
Place of publication, distribution, etc. Berlin,
Name of publisher, distributor, etc. A.W. Schade's buchdruckerei (L. Schade)
Date of publication, distribution, etc. 1888.
300 ## - PHYSICAL DESCRIPTION
Extent xi p., 1 l., [v]-cxli p., 1 l., 546 p.
Other physical details illus., 2 fold. maps, fold. tab.
Dimensions 26 cm.
500 ## - GENERAL NOTE
General note At head of title: Congrès géologique international.
505 0# - FORMATTED CONTENTS NOTE
Formatted contents note 1. ptie. Historique du congrès.--2. ptie. Travaux du congrès.--3. ptie. Communications scientifiques.--4. ptie. Documents.
650 #0 - SUBJECT ADDED ENTRY--TOPICAL TERM
Topical term or geographic name entry element Geology
General subdivision Congresses.

No items available.

Powered by Koha